000 00687nam a2200253Ia 4500
003 OSt
005 20221006142404.0
006 a|||||r|||| 00| 0
007 ta
008 221006b |||||||| |||| 00| 0 eng d
020 _c
_8.95
024 _a6,253
037 _bGift, Japan Foundation
_cTextual
040 _aEASL
_cEASL
_beng
041 _2eng
_aeng
082 _aO42,3N25,1, L7
100 _aMISHIMA Yukio
245 0 _aTemple of the golden pavilion
260 _aNew York
_bAlfred A. Knoff
_c1977
300 _a264p.
_ccm.
490 _v JEL
942 _hO42,3N25,1, L7
_cTEXL
_2CC
999 _c1074339
_d1074339